Bài tập thống kê ứng dụng trong kinh doanh bằng Excel
Bài tập thống kê ứng dụng trong kinh doanh bằng Excel cung cấp những phương thức tiếp cận mới để giải các bài tập thống kê ứng dụng bằng phưương pháp vẽ hình trong excel.
שמור ב:
| מחבר ראשי: | |
|---|---|
| פורמט: | ספר |
| שפה: | Undetermined |
| יצא לאור: |
Thành phố Hồ Chí Minh
Thống kê
2007
|
| נושאים: | |
| תגים: |
הוספת תג
אין תגיות, היה/י הראשונ/ה לתייג את הרשומה!
|
| Thư viện lưu trữ: | Trung tâm Học liệu Trường Đại học Cần Thơ |
|---|
| LEADER | 00943nam a2200205Ia 4500 | ||
|---|---|---|---|
| 001 | CTU_155083 | ||
| 008 | 210402s9999 xx 000 0 und d | ||
| 020 | |c 20000 | ||
| 082 | |a 330.015195 | ||
| 082 | |b T502 | ||
| 100 | |a Nguyễn, Minh Tuấn | ||
| 245 | 0 | |a Bài tập thống kê ứng dụng trong kinh doanh bằng Excel | |
| 245 | 0 | |c Nguyễn Minh Tuấn | |
| 260 | |a Thành phố Hồ Chí Minh | ||
| 260 | |b Thống kê | ||
| 260 | |c 2007 | ||
| 520 | |a Bài tập thống kê ứng dụng trong kinh doanh bằng Excel cung cấp những phương thức tiếp cận mới để giải các bài tập thống kê ứng dụng bằng phưương pháp vẽ hình trong excel. | ||
| 650 | |a Thống kê,Economics, mathematical,Statistics,Kinh tế, Toán học | ||
| 904 | |i Cẩm Thiêu, Hải | ||
| 980 | |a Trung tâm Học liệu Trường Đại học Cần Thơ | ||